| 000 | 01418cam a22002054a 4500 | ||
|---|---|---|---|
| 005 | 20250605164135.0 | ||
| 008 | 250528s ||||||||||||||||||||||||d | ||
| 035 | _a18739 | ||
| 020 | _a801816998 | ||
| 040 |
_aGR-AtMCL _bgre _dGR-AtMCL _eAACR2 |
||
| 245 | 1 | _aThe Economics of Natural Environments / Studies in the Valuation of Commodity and Amenity Resources | |
| 260 |
_bThe John Hopkins University Press, _c1975 |
||
| 300 | _a300 | ||
| 520 | _aPreface, Acknowledgements, Institutional and Theoretical Considerations, Managing Natural Environments, Externalities and Property Rights and Valuation of Resources on the Public Lands, Irreversibility and the Optimal Use of Natural Environments, Further Analysis of Irreversibility: Discounting and Intergenerational Transfers and Uncertainty, Applying the Analysis: Selected Case Studies, Hells Canyon: Asymmetric Implications of Technical Change for Value of Alternative Uses, Hells Canyon Continued: Evaluation of Environmental Costs, The White Cloud Peaks: Wilderness Recreation or Mine-Mill Operations?, Mineral King Valley: Demand Theory and Resource Valuation, Allocation of Prairie Wetlands, The Trans-Alaska Pipeline: Environmental Consequences and Alternatives, Summary and Conclusions and Policy Recommendations, Index. | ||
| 700 | 1 |
_aFisher Anthony C _94991 |
|
| 700 | 1 |
_aKrutilla John V _94992 |
|
| 942 | _cBK | ||
| 999 |
_c4058 _d4058 |
||